00529nam a22001455i 4500001000700000003000900007005001700016008004100033040003000074100004500104245009400149260007700243300002700320852003600347164574ES-MaACL20240511063040.0991123s1887 sp |||| | spa d aCCPB | B bspa cCCPB | B1 aSánchez de Toca, Joaquín,d1852-194213aLa crisis agraria europea y sus remedios en España / cpor Joaquín Sánchez de Toca. aMadrid : b[s.n.], c1887 (ftipografía de Manuel Ginés Hernández) aXII, 412 p. ; c19 cm. aES-MaACLjG-486 z-- Enc. pasta